000 00454nam a2200169Ia 4500
005 20250312110010.0
008 240825s9999 xx 000 0 und d
020 _a9789354655807
_qpbk
082 _a616.24
_bJIN
100 _aJindal, Sk
245 2 _aA Practical Guide To Oxygen Therapy
_c/ Sk Jindal
250 _a3rd ed.
260 _bJaypee
_c2022
_aNew Delhi
300 _axxi, 342p.,
650 _aMedical Sciences , Medicine
942 _cENGLISH
999 _c541314
_d541314